| 000 | 01316nam a22002897i 4500 | ||
|---|---|---|---|
| 003 | EG-ScBUE | ||
| 005 | 20240820094226.0 | ||
| 008 | 200219s2024 enka f b 001 0 eng d | ||
| 020 | _a9780702083082 | ||
| 040 |
_aEG-ScBUE _beng _erda _cEG-ScBUE _dEG-ScBUE |
||
| 082 | 0 | 4 |
_222 _a616.7106 _bEVI |
| 245 | 0 | 0 |
_aEvidence-based physical therapy for the pelvic floor : _bbridging science and clinical practice / _cedited by Kari Bø, PT, MSc, PhD, professor, Department of Sports Medicine, Norwegian School of Sports Sciences, Oslo, Norway, Depatment of Obstetrics and Gynecology, Akershus University Hospital, Lørenskog, Norway [and three others] ; [forewords by Alfredo L. Milani, John Heesakkers] |
| 250 | _aThird edition. | ||
| 264 | 1 |
_a[London] : _bElsevier, _c2024. |
|
| 300 |
_axvii, 753 pages : _bcolor illustrations ; _c32 cm |
||
| 336 |
_2rdacontent _atext _btxt |
||
| 337 |
_2rdamedia _aunmediated _bn |
||
| 338 |
_2rdacarrier _avolume _bnc |
||
| 504 | _aIncludes bibliographical references and index. | ||
| 650 | 7 |
_2BUEsh _aPelvic floor _xDiseases _xPhysical therapy. |
|
| 653 |
_cAugust2024 _bPT |
||
| 655 | _vReading book | ||
| 700 | 1 |
_aBø, Kari, _eeditor. |
|
| 700 | 1 |
_aMilani, Alfredo L., _eAuthor of introduction, etc. |
|
| 700 | 1 |
_aHeesakkers, John, _eAuthor of introduction, etc. |
|
| 942 |
_2ddc _cBB |
||
| 999 |
_c30810 _d30781 |
||